The Friday Multiple Choice Quiz (General Knowledge) #4 - Statistics

General Stats
  • This quiz has been taken 38 times
  • The average score is 6 of 10
Answer Stats
Question Answer % Correct
In which fictional city does Superman live? Metropolis
89%
Who in the 1980's had a hit with the song White Wedding? Billy Idol
83%
Who wrote the Maigret detective stories? Georges Simenon
71%
From which 1965 song do these lyrics come: "Doesn't have a point of view, knows not where he's going to" Nowhere Man
69%
What phrase refers to the "Golden age" that lasted in Europe from 1875 until 1914? La Belle Epoque
57%
Who painted the Laughing Cavailer? Frans Hals
54%
What are 'Niblings'? Nephews and nieces
43%
In Orange County, Florida, a ground breaking ceremony held on May 30th 1967 marked the beginning of the construction of what? Walt Disney World
43%
What was Harper Lee's first name? Nelle
40%
In 1847 the Railway Companies in the UK unilaterally agreed to do what? Adopt Greenwich Mean Time as the official time for all railway services
23%
No matching quizzes found
Score Distribution
Percent of People with Each Score
Percentile by Number Answered
Your Score History
You have not taken this quiz